[Event "Bangabandhu-chT"]
[Site "Dhaka"]
[Date "2024.02.10"]
[Round "10.3"]
[White "Iniyan, Panneerseluam"]
[Black "Tanvir, Alam"]
[Result "1-0"]
[WhiteElo "2500"]
[BlackElo "1801"]
[PlyCount "65"]
[EventDate "2024.02.01"]
[EventType "team-tourn"]
[EventRounds "11"]
[EventCountry "BAN"]
[SourceTitle "CB07_2024"]
[SourceDate "2024.02.14"]
[SourceVersion "1"]
[SourceVersionDate "2024.02.14"]
[SourceQuality "1"]
[WhiteTeam "Palli Sanchay Bank"]
[BlackTeam "Rupali Bank Krira Parshid"]
[WhiteTeamCountry "BAN"]
[BlackTeamCountry "BAN"]

1. d4 Nf6 2. c4 e6 3. Nc3 d5 4. Bg5 c6 5. e3 Nbd7 6. cxd5 exd5 7. Bd3 Bd6 8. Nf3 0-0 9. 0-0 h6 10. Bh4 Re8 11. Qc2 Qe7 12. Rae1 g5 13. Bg3 Bxg3 14. fxg3 Ne4 15. Bxe4 dxe4 16. Nd2 Nf6 17. Re2 Nd5 18. Ndxe4 f5 19. Nxd5 cxd5 20. Nc3 Be6 21. Ref2 Rac8 22. g4 b5 23. a3 a5 24. Qb3 b4 25. Nxd5 Qf7 26. Rxf5 Bxf5 27. Nf6+ Kg7 28. Qxf7+ Kxf7 29. Nxe8 Kxe8 30. Rxf5 bxa3 31. bxa3 Rc3 32. Rxa5 Rxe3 33. Re5+ 1-0

[Event "Bangabandhu-chT"]
[Site "Dhaka"]
[Date "2024.02.08"]
[Round "8.3"]
[White "Arpan, Das Jr"]
[Black "Tanvir, Alam"]
[Result "1-0"]
[WhiteElo "2367"]
[BlackElo "1801"]
[PlyCount "70"]
[EventDate "2024.02.01"]
[EventType "team-tourn"]
[EventRounds "11"]
[EventCountry "BAN"]
[SourceTitle "CB07_2024"]
[SourceDate "2024.02.14"]
[SourceVersion "1"]
[SourceVersionDate "2024.02.14"]
[SourceQuality "1"]
[WhiteTeam "Sheikh Russel CC"]
[BlackTeam "Rupali Bank Krira Parshid"]
[WhiteTeamCountry "BAN"]
[BlackTeamCountry "BAN"]

1. e4 c5 2. Nf3 d6 3. d4 cxd4 4. Nxd4 Nf6 5. Nc3 a6 6. Be2 e5 7. Nb3 Be6 8. Be3 Be7 9. Nd5 Bxd5 10. exd5 Nbd7 11. a4 0-0 12. 0-0 Ne8 13. Qd2 f5 14. f3 a5 15. Kh1 Qc7 16. Bb5 Nef6 17. Rac1 b6 18. Rce1 Rfc8 19. c3 Nc5 20. Na1 Bf8 21. Bc6 Ra7 22. Nc2 Qf7 23. Na3 Qh5 24. Nc4 f4 25. Bg1 Rb8 26. b4 Ncd7 27. bxa5 g5 28. axb6 Ra6 29. Qd3 g4 30. fxg4 Qxg4 31. Ne3 fxe3 32. Qxa6 Bh6 33. Bxe3 Bxe3 34. Re2 Bf2 35. Rexf2 Qh4 1-0

[Event "Bangabandhu-chT"]
[Site "Dhaka"]
[Date "2024.02.01"]
[Round "1.3"]
[White "Mohammed Abdul, Malek"]
[Black "Tanvir, Alam"]
[Result "1/2-1/2"]
[WhiteElo "2047"]
[BlackElo "1801"]
[PlyCount "60"]
[EventDate "2024.02.01"]
[EventType "team-tourn"]
[EventRounds "11"]
[EventCountry "BAN"]
[SourceTitle "CB06_2024"]
[SourceDate "2024.02.07"]
[SourceVersion "1"]
[SourceVersionDate "2024.02.07"]
[SourceQuality "1"]
[WhiteTeam "Leonine CC"]
[BlackTeam "Rupali Bank Krira Parshid"]
[WhiteTeamCountry "BAN"]
[BlackTeamCountry "BAN"]

1. c4 Nf6 2. g3 e6 3. Bg2 d5 4. Nf3 Be7 5. 0-0 0-0 6. d4 c6 7. Nbd2 Nbd7 8. Qc2 b6 9. e4 dxe4 10. Ne5 Qc7 11. Nxe4 Nxe5 12. dxe5 Nxe4 13. Bxe4 h6 14. Qe2 Rd8 15. Bc2 Bf8 16. h4 Bb7 17. Bf4 c5 18. f3 Rd4 19. Rad1 Rad8 20. h5 Bc6 21. Kg2 Qb7 22. Be3 Rxd1 23. Rxd1 Rd7 24. Rxd7 Qxd7 25. Bb1 f5 26. exf6 gxf6 27. Qc2 f5 28. Qc1 Qg7 29. Bf2 Qg4 30. Qc3 Bg7 1/2-1/2

[Event "Dhaka Marcel 1st Division"]
[Site "Dhaka"]
[Date "2019.11.12"]
[Round "1.4"]
[White "Hasan Md, Emam"]
[Black "Tanvir, Alam"]
[Result "1-0"]
[WhiteElo "2046"]
[BlackElo "1895"]
[PlyCount "85"]
[EventDate "2019.11.12"]
[EventType "team-tourn"]
[EventRounds "9"]
[EventCountry "BAN"]
[SourceTitle "CBM 193 Extra"]
[Source "ChessBase"]
[SourceDate "2020.01.31"]
[SourceVersion "1"]
[SourceVersionDate "2020.01.31"]
[SourceQuality "1"]
[WhiteTeam "Dhaka Knight's CC"]
[BlackTeam "Agrani Bank Daba Dal"]
[WhiteTeamCountry "BAN"]
[BlackTeamCountry "BAN"]

1. e4 e5 2. Nf3 Nc6 3. Bb5 Nd4 4. Nxd4 exd4 5. Bc4 Qf6 6. 0-0 d6 7. c3 Nh6 8. cxd4 Qxd4 9. d3 Qf6 10. Nc3 c6 11. d4 Be7 12. f3 0-0 13. Be3 Kh8 14. Qd2 Qg6 15. g4 Ng8 16. Ne2 f6 17. Nf4 Qe8 18. Rf2 Bd8 19. Rg2 Ne7 20. Kh1 Ng6 21. Nxg6+ Qxg6 22. Bd3 Qf7 23. Rag1 g6 24. b3 d5 25. e5 fxe5 26. dxe5 Be6 27. Bh6 Rg8 28. f4 Bb6 29. Rf1 d4 30. Be4 Bd5 31. Qd3 Rae8 32. Bg5 Rgf8 33. Bxd5 Qxd5 34. Bf6+ Kg8 35. f5 g5 36. Qh3 Qf7 37. Qh6 Qxf6 38. exf6 Rf7 39. Qxg5+ Kf8 40. Qh6+ Kg8 41. g5 Kh8 42. g6 Rd7 43. f7 1-0

[Event "Dhaka Walton op"]
[Site "Dhaka"]
[Date "2018.05.29"]
[Round "4"]
[White "Tanvir, Alam"]
[Black "Khan, Mokaddesur Rahman"]
[Result "0-1"]
[WhiteElo "1716"]
[BlackElo "1957"]
[PlyCount "78"]
[EventDate "2018.05.26"]
[EventType "swiss"]
[EventRounds "9"]
[EventCountry "BAN"]
[SourceTitle "CBM 184 Extra"]
[Source "ChessBase"]
[SourceDate "2018.06.28"]
[SourceVersion "1"]
[SourceVersionDate "2018.06.28"]
[SourceQuality "1"]

1. e4 c5 2. Nf3 d6 3. Bc4 e6 4. a3 Nf6 5. d3 a6 6. c3 Nc6 7. 0-0 Be7 8. Ba2 0-0 9. h3 b5 10. Be3 Bb7 11. Nbd2 Qc7 12. Re1 d5 13. exd5 Nxd5 14. d4 Nxe3 15. fxe3 Rad8 16. Bb1 e5 17. Ne4 exd4 18. exd4 cxd4 19. cxd4 Qb6 20. Qd3 g6 21. Qe3 Nxd4 22. Kh1 f5 23. Neg5 Bxg5 24. Nxg5 Rfe8 25. Ba2+ Kg7 26. Ne6+ Rxe6 27. Bxe6 Qd6 28. Ba2 Rd7 29. Red1 Kf6 30. Re1 f4 31. Rf1 f3 32. Rf2 Kg7 33. Re1 fxg2+ 34. Kg1 Nf5 35. Rxf5 gxf5 36. Qg5+ Qg6 37. Re7+ Kf8 38. Qxg6 Rd1+ 39. Kf2 hxg6 0-1